Statistics for Countries Closest to Nepal - 15 Second Sprint

Click here to take the quiz!

General Stats

  • This quiz has been taken 64 times
  • The average score is 6 of 20

Answer Stats

kmcountrymiles% Correct
0India0
96%
0China0
91%
63Bhutan39
87%
22Bangladesh14
54%
556Pakistan345
52%
590Myanmar366
35%
2130Russia1324
28%
957Afghanistan595
26%
1955Sri Lanka1215
20%
1258Thailand782
20%
1770Iran1100
15%
1814Mongolia1127
13%
1318Kazakhstan819
11%
1396Laos867
11%
2060Cambodia1280
9%
1197Kyrgyzstan744
7%
965Tajikistan599
7%
1466Uzbekistan911
4%
1573Turkmenistan978
2%
1493Vietnam927
2%

Score Distribution

Percentile by Number Answered

Percent of People with Each Score

Your Score History

You have not taken this quiz